Catalog

Record Details

Catalog Search



Speculative fiction for dreamers : a Latinx ... Read More

Available copies

  • 1 of 1 copy available at LARL/NWRL Consortium. (Show)
  • 1 of 1 copy available at Lake Agassiz Regional Library.

Current holds

0 current holds with 1 total copy.

Show Only Available Copies
Location Call Number / Copy Notes Barcode Shelving Location Status Due Date
Detroit Lakes Public Library SF SPE (Text) 33500013478334 Main Available -

Record details

  • ISBN: 9780814257982
  • ISBN: 0814257984
  • Physical Description: xiv, 414 pages : illustrations ; 23 cm
  • Publisher: Columbus : Mad Creek Books, an imprint of The Ohio State University Press, [2021]

Content descriptions

Formatted Contents Note:
How Juan Bobo Got to los Nueba Yores / Karlo ... Read More
Summary, etc.:
"A collection of speculative works, including ... Read More
Subject: American literature > Hispanic American authors.
Speculative fiction, American.
Fantasy fiction, American.
Hispanic American literature (Spanish) > Translations into English.
American literature > Hispanic American authors.
Fantasy literature, American.
Hispanic American literature (Spanish)
Speculative fiction, American.
Genre: Fantasy fiction.
Short stories.
Translations.
LDR 04162cam a2200565 i 4500
001369591
003LARL_NWRL_CONSORTIUM
00520211021160641.0
008210408s2021 ohua 000 0 eng
010 . ‡a 2021016476
040 . ‡aOU/DLC ‡beng ‡erda ‡cDLC ‡dOCLCO ‡dBDX ‡dOCLCF ‡dUKMGB ‡dGK8 ‡dOCLCO ‡dYDX ‡dINR
015 . ‡aGBC1E4351 ‡2bnb
0167 . ‡a020311379 ‡2Uk
019 . ‡a1267524924
020 . ‡a9780814257982 ‡qpaperback
020 . ‡a0814257984 ‡qpaperback
020 . ‡z9780814281352 ‡qelectronic book
020 . ‡z0814281354 ‡qelectronic book
035 . ‡a(OCoLC)1246284613 ‡z(OCoLC)1267524924
042 . ‡apcc
08200. ‡a810.8/0868073 ‡223
24500. ‡aSpeculative fiction for dreamers : ‡ba Latinx anthology / ‡cedited by Alex Hernandez, Matthew David Goodwin, and Sarah Rafael García ; with a preface by Frederick Luis Aldama.
264 1. ‡aColumbus : ‡bMad Creek Books, an imprint of The Ohio State University Press, ‡c[2021]
300 . ‡axiv, 414 pages : ‡billustrations ; ‡c23 cm
336 . ‡atext ‡btxt ‡2rdacontent
337 . ‡aunmediated ‡bn ‡2rdamedia
338 . ‡avolume ‡bnc ‡2rdacarrier
50500. ‡tHow Juan Bobo Got to los Nueba Yores / ‡rKarlo Yeager Rodríguez -- ‡tThose Rumors of Cannibalism and Human Sacrifice Have Been Greatly Exaggerated / ‡rErnest Hogan -- ‡tSaint Simon of 9th and Oblivion / ‡rSabrina Vourvoulias -- ‡tAncestral Lines and Other Tall Tales / ‡rSamy Figaredo -- ‡tQuetzal Feathers / ‡rTammy Melody Gomez -- ‡tTía Abuela's Face, Ten Ways / ‡rLisa M. Bradley -- ‡tJean / ‡rStephanie Nina Pitsirilos -- ‡tLike Flowers Through Concrete / ‡rLouangie Bou-Montes -- ‡tA Flock for the Sandhill Crane / ‡rRoman Sanchez -- ‡tFancy / ‡rDiana Burbano -- ‡tTime Traveler Intro / ‡rEliana Buenrostro -- ‡tThe Music Box / ‡rSara Daniele Rivera -- ‡tMy First Word / ‡rWilliam Alexander -- ‡tDo as I Do / ‡rPedro Iniguez -- ‡tThe Clarification Oral History Project / ‡rPedro Cabiya -- ‡tCuranderas in the Ceiling / ‡rAlex Temblador -- ‡tDream Rider / ‡rDaniel Parada -- ‡tSpooky Action at a Distance / ‡rLaura Villareal -- ‡tBlindVision / ‡rGrisel Y. Acosta -- ‡tThe Chupacabra Next Door / ‡rRoxanne Ocasio -- ‡tAn Adventure of Xuxa, La Ultima / ‡rReyes Ramirez -- ‡tNight Flowers / ‡rStephanie Adams-Santos -- ‡tAlma y Corazón / ‡rJulia Rios -- ‡tElla / ‡rFrederick Luis Aldama, Fernando de Peña, and Rodrigo Vargas -- ‡tTwo-Bullet Cowgirl Blues / ‡rSteve Castro -- ‡tA Mirage / ‡rSteve Castro -- ‡tThe One / ‡rSteve Castro -- ‡tGrave Talk / ‡rJ.M. Guzman -- ‡tA Dangerous Wand / ‡rNicholas Belardes -- ‡tMadrina / ‡rSara Daniele Rivera -- ‡tBad Sun / ‡rScott Duncan -- ‡tBeacon / ‡rScott Duncan -- ‡tHer Number / ‡rScott Duncan -- ‡tOld Folks / ‡rScott Duncan -- ‡tSoledad / ‡rEzzy G. Languzzi -- ‡tContraband / ‡rPatrick Lugo -- ‡tThe ENCRoach Program / ‡rGrisel Y. Acosta -- ‡tHomebound / ‡rTabitha Sin.
520 . ‡a"A collection of speculative works, including short stories, poems, plays, and graphic short stories that address the breadth of Latinx experiences and identities, including those of DREAMers"-- ‡cProvided by publisher.
650 0. ‡aAmerican literature ‡xHispanic American authors. ‡0(LARL_NWRL_CONSORTIUM)13398
650 0. ‡aSpeculative fiction, American.
650 0. ‡aFantasy fiction, American. ‡0(LARL_NWRL_CONSORTIUM)19969
650 0. ‡aHispanic American literature (Spanish) ‡vTranslations into English.
650 7. ‡aAmerican literature ‡xHispanic American authors. ‡2fast ‡0(LARL_NWRL_CONSORTIUM)13398
650 7. ‡aFantasy literature, American. ‡2fast ‡0(LARL_NWRL_CONSORTIUM)19976
650 7. ‡aHispanic American literature (Spanish) ‡2fast ‡0(LARL_NWRL_CONSORTIUM)36951
650 7. ‡aSpeculative fiction, American. ‡2fast
655 7. ‡aFantasy fiction. ‡2lcgft
655 7. ‡aShort stories. ‡2lcgft
655 7. ‡aTranslations. ‡2fast
7001 . ‡aHernandez, Alex ‡c(Science fiction author), ‡eeditor.
7001 . ‡aGoodwin, Matthew David, ‡eeditor.
7001 . ‡aGarcía, Sarah Rafael, ‡d1974- ‡eeditor.
7001 . ‡aAldama, Frederick Luis, ‡d1969- ‡ewriter of preface.
901 . ‡a369591 ‡bOCoLC ‡c369591 ‡tbiblio ‡soclc

Additional Resources